000 00415nam a2200169Ia 4500
008 221030s9999 xx 000 0 und d
020 _a8177588507
041 _aEnglish
100 _aR. Batra
245 0 _aAdvertising Management
_cby R. Batra, J. G. Myers
250 _a5th
260 _bPearson Education
_aNew Delhi
_c2012
300 _a768
650 _aManagement
700 _aJ. G. Myers
942 _cBK
999 _c14767
_d14767